00685nam a2200169 a 450000100100000000500170001000800410002704000250006808200160009310000540010924500760016326000480023930000210028704900090030895201810031799900170049800003339120240226142655.0110825s1969 ve 000 0 spa d aDO-SdBNPbspacBNPHU axxxxbC322n1 aCartagena Portalatín, Aída,d1918-199492355710aNarradores dominicanos :bantología /cAída Cartagena Portalatín. aCaracas, Venezuela :bMonte Ávila,c1969. a153 p. ;c18 cm. aBNPD 001050718MOaPDbPDcHDd2011-08-25iLF1l0oxxxx C322np33391-10r2020-06-25w2020-06-25y1zPerteneció a la biblioteca personal de Carlos Larrazabal BlancoZNo se presta c32882d32882